000 00945nas a2200265 4500
001 BR8303139
003 BR-BrBNA
005 20231205085543.0
007 ta
008 230509b bl.|||p| |||| 00| 00por d
040 _aBR-BrBNA
_bpor
_cBiblioteca Nacional de Agricultura
041 _a(Pt)
072 _aK10
100 1 _aRosa, P.R.F. da
100 1 _aPires, C.L. da S.
100 1 _aGarrido, M.A. de O.
111 1 _aSimposio IUFRO em Melhoramento Genetico e Produtividade de Especies Florestais de Rapido Crescimento
_cAguas de Sao Pedro, SP (Brazil)
_d25-30 Aug 1980
245 1 _aTeste de procedencias de Pinus oocarpa Schiede em tres regioes do Estado de Sao Paulo [Brasil, pinheiro]
650 _aPINHEIRO
650 _aVARIEDADE
650 _aSAO PAULO
773 0 _tSilvicultura (Brazil)
_xISSN 0100-3615
_g(Mar-Apr 1983), v. 8(29) p. 138-139
_wBR8303139
909 _a202311
_bLúcia
_c55
_dLúcia Elande
942 _2AGRIS
_n0
_cANA
999 _c112191
_d112191